Commonest Words in Lord of the Rings Quiz Stats

 Plays Quiz Updated Nov 17, 2016

Challenge
Share
Tweet
Embed
Score 0/300 Timer 20:00
12 Plays Today
Total Count Word % Correct
9104A
97.1%
28801The
96.9%
6148I
92.7%
★453★Ring
89.2%
★1860★Frodo
86.5%
1038Go
84.7%
724An
84.5%
7896He
82%
9868To
81.9%
1238Me
81.9%
2499We
81.4%
★1065★Gandalf
80.2%
★1228★Sam
78.1%
3010On
77.9%
12836Of
76.9%
19672And
76.9%
2228Be
76.6%
7209In
75.5%
3274Is
75.5%
4821You
74%
433She
73.8%
1768Or
73.7%
1841No
73.6%
1288Do
73.4%
6343It
73.3%
3531For
71.8%
★695★Aragorn
69.5%
4743They
69.4%
217Sword
68.6%
★336★Legolas
68.1%
1046One
66.6%
1303So
66.3%
472Her
66.3%
★376★Gimli
65%
1643Are
64%
★653★Pippin
64%
★569★Merry
64%
3855Not
63.1%
1023When
63%
★398★Gollum
62%
648Where
61.6%
★302★Bilbo
61.2%
2523There
60.2%
298Man
59.7%
399Two
59%
638Can
58.9%
1270What
58.2%
2092Them
58.1%
5606Was
57.4%
379Lord
56.9%
533Who
56.8%
★257★Elves
56.6%
244Why
56.6%
472Am
56.5%
316King
56%
1328My
55.7%
772Dark
55.6%
1707Will
55.6%
4381His
55.5%
1819Their
55.1%
2473Were
54.5%
5994That
54.2%
★267★Boromir
54.1%
3025At
53.9%
2354All
53.5%
247Three
53.3%
2536Have
53.3%
3417As
53.3%
503Too
53.2%
793Far
53.2%
354How
53.2%
1111Your
53.1%
★295★Shire
53.1%
718Men
52.9%
1912If
51.8%
1677Then
51.8%
842See
51%
1608Up
50.7%
1153Could
49.9%
★260★Saruman
49.8%
2295Him
49.3%
877Us
49.1%
404White
49%
2016From
48.9%
4586But
48.7%
1385This
48.2%
1131Would
48.2%
352Yes
47.7%
453Black
46.8%
436Day
46.6%
461Should
46.6%
488Under
45.4%
2924Had
45.2%
4092Said
45%
344Water
44.9%
659Our
44.6%
771Over
44.6%
1149Down
44.4%
3001With
44.2%
727Has
43.9%
Total Count Word % Correct
1511Out
43%
584Light
43%
496Night
42.8%
303Fire
42.7%
699Went
42.7%
529Say
42.1%
★280★Faramir
42.1%
476Ever
41.6%
388Fell
41.2%
785Did
41.1%
264River
40.5%
1335By
39.9%
★256★Gondor
39.6%
336Grey
39.6%
479Good
39.5%
★341★Orcs
39.1%
1158Come
38.7%
684Time
38.5%
★579★Hobbits
38.5%
288Gone
37.7%
1018Some
37.5%
1122Into
36.7%
366Take
36.2%
465Though
36%
836Its
35.9%
533Saw
35.7%
959Been
35.6%
243Nor
35.3%
668Shall
35.3%
227Hear
35.2%
397Trees
35.1%
332Took
35.1%
791Here
34.8%
1084Like
34.6%
357Never
34.5%
807Than
34.1%
2101Now
33.9%
329Those
33.7%
327Sun
33.6%
225Evil
33.3%
1095More
33.2%
253Green
32.9%
368Get
32.8%
492Off
32.5%
374These
32.3%
229Dead
32.2%
510After
32.1%
347Look
32%
342Right
31.9%
691Any
31.7%
715Way
31.7%
670Know
31.6%
416Land
31.3%
495Hand
31.1%
981Before
30.9%
224Ran
30.9%
1229Came
30.7%
342Feet
30.5%
553Through
30.5%
667May
30.4%
455Left
30.1%
714Old
30%
953Back
29.9%
307Just
29.8%
407Going
29.6%
489Think
29.4%
460Dont
29.3%
845Many
29.3%
313Got
29.2%
305Mountains
29.2%
691Must
29.2%
1165Great
28.5%
1120Long
28%
536Thought
27.7%
239Darkness
27.5%
464End
27.5%
356Find
27.4%
287Make
27.3%
370Seen
27.2%
232Thing
26.9%
928Away
26.8%
416First
26.7%
539Which
26.7%
258West
26.3%
603Eyes
26.3%
268Cannot
26.2%
★226★Strider
26.1%
249East
26%
1042Again
25.7%
543Road
25.7%
669Even
25.6%
260North
25.4%
247Small
25.5%
304Might
25.3%
277Near
25.1%
412Let
25%
752Only
25%
329Shadow
24.9%
749Well
24.8%
480Heard
24.8%
Total Count Word % Correct
847About
24.7%
★231★Riders
24.6%
581Little
24.5%
597Very
24.4%
777Last
24.4%
448Much
23.9%
321Head
23.9%
446Made
23.7%
236World
23.6%
348Above
23.3%
240Without
22.9%
224Cold
22.8%
242Leave
22.6%
261Put
22.4%
757Yet
22.2%
308Tell
22.2%
227Knew
22.1%
503Other
22%
235Ill
21.9%
231Also
21.8%
372Once
21.7%
379Days
21.7%
370Deep
21.3%
292Wind
20.6%
245Speak
20.3%
397Found
20.2%
320Stone
20%
278Nothing
20%
336High
19.6%
614Looked
19.4%
813Upon
19.2%
237Ground
19.2%
265Gate
19.1%
266Spoke
19%
236Something
19%
220Air
19%
246Hands
18.8%
219Door
18.8%
276Need
18.7%
332Fear
18.4%
281Heart
17.9%
304Face
17.5%
275Words
17.2%
428Things
17.2%
343Until
17.2%
371Soon
17.1%
321Mr
17.1%
231City
17%
267Few
17%
227Hills
16.9%
520Behind
16.9%
372Hope
16.5%
898Still
16.5%
563While
16.3%
290Felt
16.2%
380Side
16.2%
284Sat
16.1%
358Master
16.1%
267Between
15.6%
222Better
15.6%
261Another
15.6%
389Own
15.3%
264Against
15.3%
250Coming
15.2%
234Along
15%
237Wish
14.9%
368Lay
14.3%
229Together
14.2%
327Such
13.9%
363Cried
13.8%
251Mind
13.6%
336Set
13.5%
242Fair
13.4%
218Called
13.2%
407Himself
12.9%
324Towards
12.8%
310Round
12.8%
229Enemy
12.7%
225Looking
12.7%
280Since
12.6%
500Stood
12.6%
246Among
12.2%
286Began
12%
365Beyond
11.6%
678Seemed
11.5%
470Passed
11.4%
259Company
11.2%
286Others
10.3%
327Voice
10.2%
239Enough
10%
421Suddenly
9.6%
387Turned
8.7%
284Folk
8.6%
221Wide
8.5%
283Answered
8.4%
272Already
8.4%
259Slowly
8.3%
227Clear
8.2%
341Indeed
7.4%
278Moment
7.3%

You're not logged in!

Compare scores with friends on all Sporcle quizzes.
OR
Log In

You Might Also Like...

Show Comments

Extras

Top Quizzes Today


Score Distribution

Your Account Isn't Verified!

In order to create a playlist on Sporcle, you need to verify the email address you used during registration. Go to your Sporcle Settings to finish the process.

Report this User

Report this user for behavior that violates our Community Guidelines.

Details: